000 00250nam a2200097Ia 4500
001 652785
005 20250826154445.0
008 250824s9999 xx 000 0 und d
245 0 _aKAZAKLAR ANTİK YENİ
_cTOLSTOY
260 _bANTİK DÜNYA KLASİKLERİ
999 _c652785
_d652785